[Event "FICS rated blitz game"]
[Site "FICS freechess.org"]
[Date "2018.01.12"]
[Round "?"]
[White "lopencjo"]
[Black "Albertzav"]
[Result "0-1"]
[WhiteElo "1848"]
[BlackElo "1676"]
[PlyCount "110"]
[EventDate "2018.??.??"]
[EventType "blitz"]

1. e4 e5 2. Nf3 Nc6 3. c3 Nf6 4. d4 exd4 5. e5 Nd5 6. cxd4 Bb4+ 7. Bd2 O-O 8.
a3 Bxd2+ 9. Qxd2 f6 10. Bc4 Nce7 11. Nc3 c6 12. Nxd5 cxd5 13. Ba2 fxe5 14. Nxe5
d6 15. Nd3 Nf5 16. Nb4 Re8+ 17. Kf1 Qf6 18. Nxd5 Ne3+ 19. Nxe3+ Kh8 20. Nd5 Qg6
21. Nc7 Bf5 22. Nxa8 Bd3+ 23. Kg1 Rxa8 24. Re1 Rf8 25. f3 Rxf3 26. Re8+ Qxe8
27. gxf3 Qg6+ 28. Kf2 Ba6 29. Rg1 Qf6 30. Qe3 Qd8 31. Qg5 Qd7 32. Be6 Qc7 33.
Rc1 h6 34. Rxc7 hxg5 35. Bf5 b6 36. Rd7 Kg8 37. Bg6 Kf8 38. Rd8+ Ke7 39. Re8+
Kf6 40. Ra8 Kxg6 41. Rxa7 Bc4 42. Rb7 b5 43. b3 Bxb3 44. Rxb5 Bc4 45. Rb4 d5
46. a4 Ba6 47. a5 Kf5 48. Rb6 Bc4 49. a6 Bxa6 50. Rxa6 Kf4 51. h3 g6 52. Rxg6
Kf5 53. Rg7 Kf6 54. Rg8 Kf5 55. Rd8 Ke6 0-1

[Event "FICS rated lightning game"]
[Site "FICS freechess.org"]
[Date "2018.01.12"]
[Round "?"]
[White "pikozrout"]
[Black "Geforce"]
[Result "1/2-1/2"]
[WhiteElo "2204"]
[BlackElo "1986"]
[PlyCount "45"]
[EventDate "2018.??.??"]

1. e4 e5 2. Nf3 Nc6 3. c3 Nf6 4. d4 d6 5. Bd3 Be7 6. O-O O-O 7. Be3 Ng4 8. Nbd2
Nxe3 9. fxe3 Bf6 10. Qb3 g6 11. Rac1 Rb8 12. Rf2 Bd7 13. Kh1 Bg7 14. d5 Ne7 15.
Qa3 a6 16. Qa5 f6 17. Bc4 b6 18. Qxa6 Ra8 19. Qb7 Rb8 20. Qa7 Ra8 21. Qb7 Rb8
22. Qa7 Ra8 23. Qb7 1/2-1/2

[Event "FICS rated blitz game"]
[Site "FICS freechess.org"]
[Date "2018.01.12"]
[Round "?"]
[White "proximab"]
[Black "Geforce"]
[Result "1-0"]
[WhiteElo "2015"]
[BlackElo "2109"]
[PlyCount "91"]
[EventDate "2018.??.??"]
[EventType "blitz"]

1. e4 e5 2. Nf3 Nc6 3. c3 Nf6 4. d4 d6 5. d5 Ne7 6. Bg5 Ng6 7. Bb5+ Bd7 8. Bxf6
Qxf6 9. Qa4 Qd8 10. Bxd7+ Qxd7 11. Qxd7+ Kxd7 12. O-O Be7 13. Nbd2 h6 14. Nc4
Rh7 15. Rad1 Rah8 16. Ne1 Nf4 17. Nd3 Ng6 18. f4 Bf6 19. fxe5 Nxe5 20. Ndxe5+
dxe5 21. Rf5 Re8 22. Ne3 h5 23. g4 hxg4 24. Nxg4 Rh4 25. Nxf6+ gxf6 26. Rxf6
Rg8+ 27. Kh1 Rxe4 28. Rxf7+ Kd6 29. Rf6+ Kc5 30. Rf7 Kb6 31. Rf6+ Kc5 32. b3
Re2 33. Rf7 Kb6 34. Rf6+ Kc5 35. Rf7 Kb6 36. Rf5 Rgg2 37. Rh5 e4 38. a4 a5 39.
c4 e3 40. c5+ Ka7 41. d6 cxd6 42. cxd6 Rd2 43. Rxa5+ Kb6 44. Rxd2 Rxd2 45. Re5
e2 46. Kg1 1-0

[Event "FICS rated blitz game"]
[Site "FICS freechess.org"]
[Date "2018.01.12"]
[Round "?"]
[White "windbumwino"]
[Black "bullnoser"]
[Result "1-0"]
[WhiteElo "1560"]
[BlackElo "1558"]
[PlyCount "31"]
[EventDate "2018.??.??"]
[EventType "blitz"]

1. e4 e5 2. c3 Nc6 3. Nf3 Nf6 4. d4 d6 5. d5 Ne7 6. Qa4+ Bd7 7. Bb5 g6 8. O-O
Bg7 9. Bg5 O-O 10. Bxf6 Bxf6 11. Bxd7 a6 12. Bh3 b5 13. Qc2 Nc8 14. Nbd2 Nb6
15. b3 Nd7 16. Rfe1 {Black resigns} 1-0

[Event "FICS rated blitz game"]
[Site "FICS freechess.org"]
[Date "2018.01.12"]
[Round "?"]
[White "kiknit"]
[Black "prickler"]
[Result "0-1"]
[WhiteElo "1400"]
[BlackElo "1554"]
[PlyCount "78"]
[EventDate "2018.??.??"]
[EventType "blitz"]

1. e4 e5 2. Nf3 Nc6 3. c3 Bc5 4. Bc4 Nge7 5. d4 exd4 6. Ng5 d5 7. exd5 Nxd5 8.
Qf3 Qe7+ 9. Kf1 Nf6 10. Bxf7+ Kf8 11. Bd5 Bg4 12. Ne6+ Bxe6 13. Bxe6 Qxe6 14.
Bg5 Ne5 15. Qe2 d3 16. Qe1 Qf5 17. Be3 Bxe3 18. Qxe3 Neg4 19. Qg3 Rd8 20. Nd2
Ne4 21. Nxe4 Qxe4 22. Re1 Qc4 23. Qf3+ Nf6 24. Kg1 Kf7 25. h4 Rhe8 26. Rd1 Qe4
27. Qg3 Qe2 28. Kh2 d2 29. f3 Qe5 30. f4 Qe3 31. Qg5 h6 32. Qf5 Rd5 33. Qc2
Qxf4+ 34. g3 Qf2+ 35. Kh3 Re3 36. Rhg1 Rdd3 37. Qb3+ Kg6 38. Qxb7 Rxg3+ 39.
Rxg3+ Qxg3# {White checkmated} 0-1

[Event "FICS rated lightning game"]
[Site "FICS freechess.org"]
[Date "2018.01.12"]
[Round "?"]
[White "pikozrout"]
[Black "Geforce"]
[Result "1-0"]
[WhiteElo "2179"]
[BlackElo "2010"]
[PlyCount "115"]
[EventDate "2018.??.??"]

1. e4 e5 2. Nf3 Nc6 3. c3 d6 4. d4 Be7 5. d5 Nb8 6. Be3 Nf6 7. Nbd2 O-O 8. Qa4
Nbd7 9. h3 a6 10. Be2 b6 11. Qc6 Rb8 12. O-O Bb7 13. Qa4 Ra8 14. b4 Re8 15. Qb3
Nf8 16. a4 Ng6 17. g3 Bc8 18. Ng5 h6 19. Ngf3 Bxh3 20. Rfb1 Qd7 21. a5 b5 22.
c4 Bg4 23. cxb5 axb5 24. Qc3 Reb8 25. Rc1 Bd8 26. Qc6 Qxc6 27. Rxc6 Ne7 28. Rc2
Bc8 29. Bd3 Ba6 30. Rac1 Nd7 31. Nh4 Rb7 32. f3 g5 33. Ng2 Kg7 34. g4 Kg6 35.
Bf2 Kg7 36. Ne3 Kg6 37. Rc3 Kg7 38. Bg3 Kg6 39. Kg2 f6 40. Rh1 Kg7 41. Rc6 Nf8
42. Ra1 Nxc6 43. dxc6 Rbb8 44. Nf5+ Kf7 45. Nxh6+ Kg7 46. Nf5+ Kf7 47. Kf2 Bc8
48. Bc2 Bxf5 49. gxf5 Kg7 50. Bb3 Ra6 51. Bd5 Rba8 52. Rh1 Rb8 53. Nb1 Be7 54.
Nc3 Bd8 55. Ke2 Be7 56. Be1 Bd8 57. Nxb5 Be7 58. Nxc7 1-0

[Event "FICS rated standard game"]
[Site "FICS freechess.org"]
[Date "2018.01.12"]
[Round "?"]
[White "kautabak"]
[Black "schachbjm"]
[Result "0-1"]
[WhiteElo "2081"]
[BlackElo "2366"]
[PlyCount "86"]
[EventDate "2018.??.??"]

1. e4 e5 2. Nf3 Nc6 3. c3 Nf6 4. Bd3 Bc5 5. Bc2 d6 6. O-O Bg4 7. b4 Bb6 8. b5
Ne7 9. d4 Ng6 10. Be3 Qd7 11. Nbd2 Ba5 12. dxe5 Nxe5 13. Nxe5 dxe5 14. f3 Be6
15. Nb1 Rd8 16. Qe2 O-O 17. a4 Nh5 18. g3 Bh3 19. Rc1 Qd6 20. Bb3 Qg6 21. Nd2
Nf4 22. Bxf4 exf4 23. g4 Bb6+ 24. Kh1 h5 25. gxh5 Qxh5 26. Bd5 Be3 27. Rc2 Bxd2
28. Rxd2 c6 29. bxc6 bxc6 30. Bxc6 Rxd2 31. Qxd2 Qxf3+ 32. Kg1 Qg4+ 33. Kh1 f3
34. Rg1 Bg2+ 35. Rxg2 fxg2+ 36. Qxg2 Qxg2+ 37. Kxg2 Rc8 38. Bb5 Rxc3 39. Kf2
Kf8 40. Kg2 Ke7 41. Kf2 Ke6 42. Ke2 Ke5 43. Bd3 Kd4 {White resigns} 0-1

[Event "FICS rated blitz game"]
[Site "FICS freechess.org"]
[Date "2018.01.12"]
[Round "?"]
[White "sasfro"]
[Black "DVYate"]
[Result "1-0"]
[WhiteElo "1251"]
[BlackElo "1237"]
[PlyCount "73"]
[EventDate "2018.??.??"]
[EventType "blitz"]

1. e4 e5 2. Nf3 Nc6 3. c3 a6 4. d4 exd4 5. cxd4 d5 6. e5 Bf5 7. Nc3 Bb4 8. Be2
Nge7 9. a3 Ba5 10. O-O O-O 11. Bg5 h6 12. Bh4 Bb6 13. Rc1 Qe8 14. b4 Ng6 15.
Bg3 Nce7 16. Nh4 Nxh4 17. Bxh4 Ng6 18. Bg3 Rd8 19. Na4 Ba7 20. Rxc7 b5 21. Rxa7
bxa4 22. Bxa6 Qc6 23. b5 Qc3 24. Qxa4 Bc2 25. Qb4 Qd3 26. Rc7 Qe4 27. b6 Rb8
28. b7 Bd3 29. Bxd3 Qxd3 30. a4 Qa6 31. Rb1 Rfe8 32. a5 Ne7 33. Rxe7 Red8 34.
e6 Rxb7 35. exf7+ Kh7 36. Qxb7 Qd3 37. f8=Q {Black resigns} 1-0

[Event "FICS rated blitz game"]
[Site "FICS freechess.org"]
[Date "2018.01.12"]
[Round "?"]
[White "jetline"]
[Black "EricHans"]
[Result "1-0"]
[WhiteElo "1553"]
[BlackElo "1595"]
[PlyCount "71"]
[EventDate "2018.??.??"]
[EventType "blitz"]

1. e4 Nc6 2. Nf3 e5 3. c3 d6 4. d4 exd4 5. cxd4 Bd7 6. Bc4 Be7 7. d5 Ne5 8. Qe2
Nf6 9. Nc3 a6 10. Bf4 Nxc4 11. Qxc4 Bb5 12. Nxb5 axb5 13. Qxb5+ Qd7 14. Qxb7
O-O 15. Qb3 Rab8 16. Qc2 Qb5 17. b3 Qb4+ 18. Bd2 Qxe4+ 19. Qxe4 Nxe4 20. O-O
Nxd2 21. Nxd2 c6 22. dxc6 Rbc8 23. Rfc1 d5 24. h3 Rc7 25. Rc2 Rd8 26. Rac1 Rd6
27. b4 Re6 28. b5 Ba3 29. Rb1 Be7 30. a4 Re5 31. Rb3 d4 32. Rd3 Bc5 33. Nf3 Re6
34. Rxc5 h6 35. Rxd4 Kh7 36. Rcd5 {Black resigns} 1-0

[Event "FICS rated blitz game"]
[Site "FICS freechess.org"]
[Date "2018.01.12"]
[Round "?"]
[White "jsssstplayinn"]
[Black "justinb"]
[Result "1/2-1/2"]
[WhiteElo "1612"]
[BlackElo "1826"]
[PlyCount "138"]
[EventDate "2018.??.??"]
[EventType "blitz"]

1. e4 e5 2. Nf3 Nc6 3. c3 Nf6 4. d4 exd4 5. e5 Nd5 6. cxd4 Bb4+ 7. Bd2 Bxd2+ 8.
Nbxd2 d6 9. Bc4 dxe5 10. Bxd5 Qxd5 11. dxe5 Nxe5 12. O-O Nxf3+ 13. Nxf3 Qxd1
14. Rfxd1 O-O 15. Rdc1 c6 16. h3 Bf5 17. Nh4 Bg6 18. Re1 Rfe8 19. b3 Be4 20. a4
Bd5 21. b4 g6 22. g3 f5 23. b5 Kf7 24. Rec1 Re2 25. Ng2 Rae8 26. Nf4 Rb2 27.
Nxd5 cxd5 28. Rab1 Ra2 29. Ra1 Rxa1 30. Rxa1 Re4 31. Kf1 Ke6 32. f3 Rb4 33. Ra3
Kd6 34. Kf2 Kc5 35. g4 Kb6 36. gxf5 gxf5 37. h4 Ka5 38. Rd3 Rxh4 39. Rxd5 Rxa4
40. Rxf5 Rb4 41. Rf7 Rxb5 42. Rxh7 Kb4 43. Rh4+ Kc5 44. Rh5+ Kc6 45. Rxb5 Kxb5
46. f4 Kc6 47. f5 Kd6 48. Kf3 Ke5 49. Kg4 Kf6 50. Kf4 a5 51. Ke4 b6 52. Kd5
Kxf5 53. Kc4 Ke6 54. Kb5 Kd7 55. Ka4 Kc6 56. Kb3 Kb5 57. Ka3 Kc4 58. Kb2 Kb4
59. Ka2 Kc3 60. Kb1 b5 61. Ka2 b4 62. Kb1 a4 63. Ka2 Kc2 64. Ka1 Kb3 65. Kb1
Kc3 66. Ka2 b3+ 67. Kb1 Kd2 68. Kb2 Kd3 69. Ka1 Kc2 1/2-1/2

[Event "FICS rated blitz game"]
[Site "FICS freechess.org"]
[Date "2018.01.12"]
[Round "?"]
[White "ALSChess"]
[Black "egyik"]
[Result "0-1"]
[WhiteElo "1222"]
[BlackElo "1406"]
[PlyCount "126"]
[EventDate "2018.??.??"]
[EventType "blitz"]

1. e4 e5 2. Nf3 Nc6 3. c3 d6 4. Bb5 Bd7 5. O-O Nf6 6. Qc2 a6 7. Ba4 Be7 8. Bb3
O-O 9. Ng5 h6 10. Nf3 Bg4 11. Qd3 b5 12. h3 Bh5 13. Nh2 Na5 14. Bc2 c5 15. b3
Nc6 16. c4 Nd4 17. f3 Nh7 18. Bb2 Nxc2 19. Qxc2 b4 20. a3 a5 21. axb4 axb4 22.
Rxa8 Qxa8 23. d3 Bg5 24. Nd2 Qb7 25. Ra1 Ra8 26. Ra4 Rxa4 27. bxa4 Bxd2 28.
Qxd2 f6 29. Nf1 Qa6 30. Qd1 Be8 31. Qd2 Bxa4 32. Ne3 Bd7 33. Nd5 Kf7 34. f4 Nf8
35. fxe5 dxe5 36. Qe2 Qe6 37. Nc7 Qd6 38. Qh5+ Kg8 39. Ne8 Qxd3 40. Kh2 Qxe4
41. Bc1 Qg6 42. Qxg6 Nxg6 43. Nd6 Nf8 44. Ne4 Ne6 45. Bb2 Ba4 46. Kg3 Bb3 47.
Nd2 Bc2 48. Kf3 Nd4+ 49. Bxd4 cxd4 50. c5 Kf7 51. Nc4 b3 52. c6 Ke7 53. Kg4 Kd8
54. Kh5 Kc7 55. h4 Kxc6 56. g4 Kc5 57. Nd2 b2 58. g5 hxg5 59. hxg5 g6+ 60. Kh6
fxg5 61. Kxg5 b1=Q 62. Nxb1 Bxb1 63. Kf6 Kd5 {White resigns} 0-1

[Event "FICS rated blitz game"]
[Site "FICS freechess.org"]
[Date "2018.01.12"]
[Round "?"]
[White "ashups"]
[Black "prnaik"]
[Result "0-1"]
[WhiteElo "1224"]
[BlackElo "1356"]
[PlyCount "60"]
[EventDate "2018.??.??"]
[EventType "blitz"]

1. e4 e5 2. Nf3 Nc6 3. c3 Nf6 4. Bc4 Nxe4 5. d4 Nd6 6. Bd5 exd4 7. cxd4 Nb4 8.
Bxf7+ Kxf7 9. Ng5+ Kg8 10. Qb3+ Nc4 11. Qxc4+ d5 12. Qd3 Nxd3+ 13. Kd2 Nxc1 14.
Kxc1 Qxg5+ 15. Nd2 Qxg2 16. Re1 Bg4 17. Kc2 Qxf2 18. Rf1 Qxd4 19. Nb3 Qc4+ 20.
Kd2 Bb4+ 21. Ke3 Re8+ 22. Kf2 Rf8+ 23. Kg2 Rxf1 24. Rxf1 Bh3+ 25. Kxh3 Qxf1+
26. Kg4 Kf7 27. h4 Re8 28. Nd4 Re4+ 29. Kg5 Qg2+ 30. Kf5 Qg4# {White checkmated
} 0-1

[Event "FICS rated blitz game"]
[Site "FICS freechess.org"]
[Date "2018.01.12"]
[Round "?"]
[White "sunrhades"]
[Black "gizenga"]
[Result "1-0"]
[WhiteElo "1717"]
[BlackElo "1835"]
[PlyCount "41"]
[EventDate "2018.??.??"]
[EventType "blitz"]

1. e4 e5 2. Nf3 Nc6 3. c3 Be7 4. d4 exd4 5. cxd4 d6 6. Nc3 h6 7. Bc4 Nf6 8. O-O
O-O 9. Re1 Bg4 10. Be3 Na5 11. Bd3 Nc6 12. h3 Bd7 13. Qb3 Rb8 14. e5 Ne8 15.
Rad1 Qc8 16. Kh2 dxe5 17. dxe5 Kh8 18. Nd5 Be6 19. Nxe7 Nxe7 20. Qa3 Nc6 21.
Qxf8# {Black checkmated} 1-0

[Event "FICS rated blitz game"]
[Site "FICS freechess.org"]
[Date "2018.01.12"]
[Round "?"]
[White "franguly"]
[Black "kushal"]
[Result "0-1"]
[WhiteElo "1332"]
[BlackElo "1483"]
[PlyCount "24"]
[EventDate "2018.??.??"]
[EventType "blitz"]

1. e4 e5 2. Nf3 Nc6 3. c3 Nf6 4. Qc2 Be7 5. d4 exd4 6. cxd4 d5 7. e5 Ne4 8. Bd3
Nb4 9. Qe2 Nxd3+ 10. Qxd3 O-O 11. Nc3 Bf5 12. Nxe4 dxe4 {White resigns} 0-1

[Event "FICS rated blitz game"]
[Site "FICS freechess.org"]
[Date "2018.01.12"]
[Round "?"]
[White "zbobi"]
[Black "HexenTom"]
[Result "0-1"]
[WhiteElo "1550"]
[BlackElo "1612"]
[PlyCount "116"]
[EventDate "2018.??.??"]
[EventType "blitz"]

1. e4 e5 2. Nf3 Nc6 3. c3 Bc5 4. Bc4 h6 5. Qb3 Qe7 6. Bd5 Na5 7. Qd1 c6 8. b4
cxd5 9. bxa5 dxe4 10. Ng1 Qf6 11. Qe2 d5 12. Ba3 Bxa3 13. Nxa3 Ne7 14. Qb5+ Nc6
15. Ne2 O-O 16. O-O Rd8 17. c4 d4 18. Ng3 Qf4 19. Rad1 a6 20. Qb3 Nxa5 21. Qa4
Nc6 22. Nb5 Bg4 23. Rde1 axb5 24. Qxb5 Rab8 25. Rxe4 Qg5 26. f3 Bd7 27. Qb1 f5
28. Re2 Rdc8 29. Ref2 f4 30. Ne4 Qg6 31. d3 Ne7 32. Qb4 Nf5 33. c5 Ne3 34. Re1
Bh3 35. Qb3+ Kh8 36. Ree2 b6 37. Nd6 Rc6 38. Nf7+ Kh7 39. Nxe5 Qg5 40. Nxc6 Rb7
41. Nxd4 b5 42. c6 Rc7 43. Ne6 Qe7 44. Nxc7 Qxc7 45. Qe6 Bxe6 46. Rxe3 fxe3 47.
Re2 Qf4 48. h3 Bd5 49. Kf1 Bxc6 50. d4 Bd5 51. Kg1 Bc4 52. Kf1 Bxe2+ 53. Kxe2
b4 54. Kd3 g5 55. Kc4 e2 56. Kc5 e1=Q 57. d5 Qee3+ 58. Kc6 Qc4+ 0-1

[Event "FICS rated blitz game"]
[Site "FICS freechess.org"]
[Date "2018.01.12"]
[Round "?"]
[White "jezebelben"]
[Black "Marmari"]
[Result "0-1"]
[WhiteElo "1365"]
[BlackElo "1394"]
[PlyCount "44"]
[EventDate "2018.??.??"]
[EventType "blitz"]

1. e4 e5 2. Nf3 Nc6 3. c3 d5 4. Bb5 a6 5. Bxc6+ bxc6 6. Nxe5 Qe7 7. Nxc6 Qxe4+
8. Qe2 Nf6 9. d3 Qxe2+ 10. Kxe2 Bd6 11. Nd2 Bb7 12. Nd4 c5 13. N4f3 O-O 14. Re1
d4 15. cxd4 Rfe8+ 16. Kf1 cxd4 17. Nxd4 Bxh2 18. N2f3 Rxe1+ 19. Kxe1 Rd8 20.
Be3 Nd5 21. g3 Nb4 22. Rc1 Nxd3+ {White resigns} 0-1

[Event "FICS rated blitz game"]
[Site "FICS freechess.org"]
[Date "2018.01.12"]
[Round "?"]
[White "jezebelben"]
[Black "aneeshnair"]
[Result "1-0"]
[WhiteElo "1408"]
[BlackElo "1357"]
[PlyCount "55"]
[EventDate "2018.??.??"]
[EventType "blitz"]

1. e4 e5 2. Nf3 Nc6 3. c3 d5 4. exd5 Qxd5 5. c4 Qd8 6. Be2 Nf6 7. d3 Bd6 8. O-O
O-O 9. h3 h6 10. Nh2 Nh7 11. f4 f6 12. f5 Nd4 13. Bg4 Bc5 14. Kh1 Ng5 15. a3 a5
16. Nc3 Nf7 17. Ne4 Ba7 18. Bh5 Bxf5 19. Ng4 Nd6 20. Bxh6 Bxe4 21. dxe4 Nxe4
22. Qd3 Ng5 23. Qg6 Qd7 24. Nxf6+ Rxf6 25. Rxf6 Nxh3 26. Rf7 Qxf7 27. Qxf7+ Kh8
28. Qxg7# {Black checkmated} 1-0

[Event "FICS rated blitz game"]
[Site "FICS freechess.org"]
[Date "2018.01.12"]
[Round "?"]
[White "RADACK"]
[Black "kimosfo"]
[Result "0-1"]
[WhiteElo "1613"]
[BlackElo "1685"]
[PlyCount "84"]
[EventDate "2018.??.??"]
[EventType "blitz"]

1. e4 e5 2. Nf3 Nc6 3. c3 Bc5 4. b4 Bb6 5. b5 Na5 6. d4 exd4 7. cxd4 d6 8. h3
Ne7 9. Bd3 Ng6 10. Be3 O-O 11. O-O Bd7 12. Nbd2 Qe8 13. a4 a6 14. Qb1 axb5 15.
axb5 Kh8 16. Qb4 f5 17. exf5 Bxf5 18. Bxf5 Rxf5 19. Rfb1 Nf4 20. Nf1 Nd5 21.
Qd2 Nxe3 22. Nxe3 Rxb5 23. Re1 Qg6 24. Qe2 Re8 25. Qxb5 Nc6 26. Rad1 Rf8 27.
Qg5 Qf7 28. Qg4 Ne7 29. Rf1 Ng6 30. Ng5 Qf6 31. Qh5 h6 32. Nf3 Nf4 33. Qg4 h5
34. Qh4 Qf7 35. Kh2 g6 36. Ng5 Qf5 37. d5 Qf6 38. Ne6 Rf7 39. Nxf4 Qxf4+ 40.
Qxf4 Rxf4 41. Nc4 Rxc4 42. Rde1 Rf4 0-1

[Event "FICS rated standard game"]
[Site "FICS freechess.org"]
[Date "2018.01.12"]
[Round "?"]
[White "piaanist"]
[Black "CrisChessITA"]
[Result "1-0"]
[WhiteElo "1447"]
[BlackElo "1485"]
[PlyCount "62"]
[EventDate "2018.??.??"]

1. e4 e5 2. Nf3 Nc6 3. c3 Bc5 4. Bd3 a6 5. O-O d6 6. Bc2 h6 7. d3 f5 8. Re1
fxe4 9. Rxe4 Nf6 10. Re1 O-O 11. Be3 Bxe3 12. Rxe3 Nd5 13. Re1 Bg4 14. Nbd2 Qe7
15. h3 Bxf3 16. Nxf3 Qd7 17. d4 exd4 18. Nxd4 Rf6 19. Bb3 Qf7 20. Nf3 Nce7 21.
Rxe7 Qxe7 22. Bxd5+ Kh8 23. Bxb7 Rb8 24. Bxa6 Rxb2 25. Qd4 c5 26. Qe3 Re6 27.
Qd3 Ree2 28. Rf1 Rxa2 29. Bc4 Ra4 30. Rb1 Re4 31. Bd5 Rec4 {Black resigns} 1-0

[Event "FICS rated blitz game"]
[Site "FICS freechess.org"]
[Date "2018.01.12"]
[Round "?"]
[White "talpiro"]
[Black "sdarjee"]
[Result "1-0"]
[WhiteElo "1271"]
[BlackElo "1215"]
[PlyCount "47"]
[EventDate "2018.??.??"]
[EventType "blitz"]

1. e4 e5 2. Nf3 Nc6 3. c3 d5 4. exd5 Qxd5 5. Be2 f5 6. O-O e4 7. c4 Qd8 8. d4
exf3 9. Bxf3 Nxd4 10. Bd5 c5 11. Re1+ Be7 12. Bg5 Nf6 13. Bxf6 gxf6 14. Qh5+
Kd7 15. Nc3 Kc7 16. Qf7 Rf8 17. Rxe7+ Bd7 18. Qg7 Rc8 19. Qg3+ Kb6 20. Rxh7 Bc6
21. Bxc6 bxc6 22. Na4+ Ka5 23. Rxa7+ Kb4 24. Qc3# {Black checkmated} 1-0

[Event "FICS rated blitz game"]
[Site "FICS freechess.org"]
[Date "2018.01.12"]
[Round "?"]
[White "proximab"]
[Black "PriyaRavee"]
[Result "1-0"]
[WhiteElo "2013"]
[BlackElo "1060"]
[PlyCount "43"]
[EventDate "2018.??.??"]
[EventType "blitz"]

1. e4 e5 2. Nf3 Nc6 3. c3 Nf6 4. d4 exd4 5. e5 Ng4 6. cxd4 h6 7. h3 Nxf2 8.
Kxf2 d5 9. Qb3 Be7 10. Nc3 Bh4+ 11. Kg1 Bg3 12. Qxd5 Qxd5 13. Nxd5 O-O 14. Nxc7
Rb8 15. Be3 Nb4 16. Bd2 Nc2 17. Rd1 Bf5 18. Nd5 Rbd8 19. Ne7+ Kh8 20. Nxf5 Nxd4
21. Nxg3 Nxf3+ 22. gxf3 {Black resigns} 1-0

[Event "FICS rated blitz game"]
[Site "FICS freechess.org"]
[Date "2018.01.12"]
[Round "?"]
[White "zbobi"]
[Black "Jorka"]
[Result "1-0"]
[WhiteElo "1542"]
[BlackElo "1443"]
[PlyCount "21"]
[EventDate "2018.??.??"]
[EventType "blitz"]

1. e4 e5 2. Nf3 Nc6 3. c3 h6 4. Bc4 a6 5. Qb3 b6 6. Bxf7+ Ke7 7. Bxg8 Rxg8 8.
Qxg8 d6 9. Qc4 Be6 10. Qxc6 Bd7 11. Qc4 {Black resigns} 1-0

[Event "FICS rated blitz game"]
[Site "FICS freechess.org"]
[Date "2018.01.12"]
[Round "?"]
[White "awitaliy"]
[Black "AXTbIPKA"]
[Result "0-1"]
[WhiteElo "1380"]
[BlackElo "1670"]
[PlyCount "108"]
[EventDate "2018.??.??"]
[EventType "blitz"]

1. e4 e5 2. Nf3 Nc6 3. c3 Nf6 4. Bd3 Bc5 5. Bc2 d6 6. h3 O-O 7. O-O Re8 8. a3
d5 9. exd5 Nxd5 10. d4 exd4 11. cxd4 Bb6 12. Nc3 g6 13. Nxd5 Qxd5 14. Bb3 Qd6
15. d5 Ne7 16. Be3 Bf5 17. Ng5 Red8 18. Bxb6 axb6 19. Qc1 Nxd5 20. Rd1 Be6 21.
Nxe6 fxe6 22. Qh6 Qf4 23. Qxf4 Nxf4 24. Re1 Kf7 25. Kh2 Rd6 26. g3 Nd5 27. f4
Rad8 28. Rac1 c6 29. Ba2 b5 30. g4 Nxf4 31. Rf1 g5 32. h4 h6 33. hxg5 hxg5 34.
Rce1 Rh8+ 35. Kg1 Ke7 36. Re3 Rd2 37. Rg3 Rxb2 38. Bb1 Ne2+ 39. Kf2 Rh2+ 40.
Kf3 Nxg3 41. Kxg3 Rhg2+ 42. Kf3 Rh2 43. Bd3 Rb3 44. Ke4 Rxa3 45. Bb1 Rg2 46.
Ke5 Rxg4 47. Be4 Re3 48. Kd4 Rexe4+ 49. Kd3 Rgf4 50. Rxf4 Rxf4 51. Ke3 Rf5 52.
Ke4 Rd5 53. Kf3 b4 54. Ke2 b3 {White resigns} 0-1

[Event "FICS rated standard game"]
[Site "FICS freechess.org"]
[Date "2018.01.12"]
[Round "?"]
[White "mesli"]
[Black "StadinPera"]
[Result "0-1"]
[WhiteElo "1722"]
[BlackElo "1675"]
[PlyCount "80"]
[EventDate "2018.??.??"]

1. e4 e5 2. Nf3 Nc6 3. c3 Nf6 4. Qc2 Ke7 5. b3 g6 6. Ba3+ d6 7. Bb5 Bg4 8. Bxc6
Bxf3 9. gxf3 bxc6 10. d4 Nd7 11. dxe5 Nxe5 12. Nd2 Bg7 13. h3 Re8 14. f4 Nd7
15. O-O-O Kf8 16. Bb2 Nc5 17. b4 Nd7 18. h4 a5 19. bxa5 Rxa5 20. a3 h5 21. c4
Bxb2+ 22. Qxb2 Qf6 23. Qxf6 Nxf6 24. Kb2 Nxe4 25. Nxe4 Rxe4 26. Kb3 Rxf4 27.
Rd3 Raf5 28. a4 Rxf2 29. Rb1 Rh2 30. Rb2 Rxh4 31. Kb4 Rff4 32. Rc2 d5 33. Rdc3
Ke7 34. a5 Kd7 35. a6 Rxc4+ 36. Rxc4 Rxc4+ 37. Rxc4 dxc4 38. Kxc4 Kc8 39. Kc5
Kb8 40. Kxc6 Ka7 {White resigns} 0-1

[Event "FICS rated blitz game"]
[Site "FICS freechess.org"]
[Date "2018.01.12"]
[Round "?"]
[White "jsssstplayinn"]
[Black "akuo"]
[Result "0-1"]
[WhiteElo "1630"]
[BlackElo "1557"]
[PlyCount "82"]
[EventDate "2018.??.??"]
[EventType "blitz"]

1. e4 e5 2. Nf3 Nc6 3. c3 d6 4. d4 Bg4 5. d5 Nce7 6. Be2 c6 7. Bg5 f6 8. Bh4
cxd5 9. exd5 Qa5 10. O-O Nxd5 11. b4 Nxc3 12. Nxc3 Qxb4 13. Nd5 Qa5 14. Rc1 Ne7
15. Nc7+ Kf7 16. Nxa8 Nc6 17. Nc7 Qxc7 18. Qd5+ Ke7 19. Bb5 Be6 20. Qe4 d5 21.
Qb4+ Kf7 22. Qa4 Qb6 23. Bxc6 bxc6 24. Rxc6 Qb7 25. Rfc1 Qb8 26. Rc7+ Be7 27.
Qxa7 Qd8 28. Bg3 Re8 29. Nh4 Kg8 30. f4 Bd6 31. R7c6 Bb8 32. Qa4 Bd7 33. fxe5
Bxc6 34. Qxc6 Bxe5 35. Bxe5 Rxe5 36. Nf3 Re7 37. a4 Qa5 38. Kh1 Kf7 39. Nd4 Qd2
40. Nf3 Qf2 41. a5 d4 0-1

[Event "FICS rated blitz game"]
[Site "FICS freechess.org"]
[Date "2018.01.12"]
[Round "?"]
[White "StrengthOne"]
[Black "remilaci"]
[Result "0-1"]
[WhiteElo "1340"]
[BlackElo "1334"]
[PlyCount "38"]
[EventDate "2018.??.??"]
[EventType "blitz"]

1. e4 e5 2. Nf3 Nc6 3. c3 Nf6 4. d3 Bc5 5. Bg5 h6 6. Bh4 g5 7. Bg3 d6 8. a4 Bg4
9. b4 Bxb4 10. cxb4 Nxb4 11. Be2 Bxf3 12. Bxf3 d5 13. Nc3 dxe4 14. Nxe4 Nxd3+
15. Kf1 g4 16. Bxg4 Nxe4 17. f3 Nxg3+ 18. hxg3 Qd4 19. Qe2 Qxa1+ {White resigns
} 0-1

[Event "FICS rated blitz game"]
[Site "FICS freechess.org"]
[Date "2018.01.12"]
[Round "?"]
[White "franguly"]
[Black "ReallyBadPlayer"]
[Result "1-0"]
[WhiteElo "1316"]
[BlackElo "1392"]
[PlyCount "61"]
[EventDate "2018.??.??"]
[EventType "blitz"]

1. e4 e5 2. Nf3 Nc6 3. c3 Bc5 4. d4 exd4 5. cxd4 Bb4+ 6. Nc3 d5 7. Bb5 dxe4 8.
Ne5 Bd7 9. Nxc6 bxc6 10. Bc4 Qh4 11. O-O Nf6 12. Bxf7+ Kxf7 13. Qb3+ Be6 14.
Qxb4 Rab8 15. Qc5 Ng4 16. h3 Nf6 17. Bg5 Qh5 18. Bxf6 Qxc5 19. dxc5 gxf6 20. b3
f5 21. Rae1 Rhg8 22. f3 Rg7 23. fxe4 Rbg8 24. Re2 Rg3 25. exf5 Bc8 26. f6 Bxh3
27. Re7+ Kg6 28. f7 Rf8 29. Rf2 Bf5 30. Ne2 Rg5 31. Nf4+ 1-0

[Event "FICS rated blitz game"]
[Site "FICS freechess.org"]
[Date "2018.01.12"]
[Round "?"]
[White "nunoChess"]
[Black "justjim"]
[Result "0-1"]
[WhiteElo "965"]
[BlackElo "1327"]
[PlyCount "60"]
[EventDate "2018.??.??"]
[EventType "blitz"]

1. e4 e5 2. Nf3 Nc6 3. c3 Nf6 4. d4 exd4 5. Nxd4 Nxd4 6. Qxd4 d5 7. Bb5+ c6 8.
Bd3 Be7 9. e5 c5 10. Qa4+ Bd7 11. Bb5 Ne4 12. Bxd7+ Qxd7 13. f3 Ng5 14. Bxg5
Qxa4 15. b3 Qc6 16. Bxe7 Kxe7 17. Nd2 Rhe8 18. c4 Kf8 19. Rd1 d4 20. Ne4 Rxe5
21. O-O Rxe4 22. fxe4 Qxe4 23. Rde1 Qc2 24. Rf2 Qg6 25. Ref1 Re8 26. h3 h5 27.
Rf3 Qe6 28. Kh2 f6 29. g3 Qe2+ 30. R1f2 Qe4 0-1